| 000 | 00751nam a22002057a 4500 | ||
|---|---|---|---|
| 005 | 20100727121143.0 | ||
| 010 | _aENG-97183 | ||
| 020 |
_a9780198063827 _c795.00 |
||
| 020 | _a0198063822 | ||
| 035 | _aEN-80716 | ||
| 037 | _bDBAD/PUB | ||
| 082 | _a305.5509540903 | ||
| 245 |
_aThe middle class in colonial India / _cedited by Sanjay Joshi |
||
| 260 |
_aNew Delhi _bOxford University Press _c2010 |
||
| 270 | _aYMCA library building, Jai Singh Road | ||
| 300 |
_alvi,326 p. _c21 cm. (Hb) |
||
| 700 |
_aJoshi, Sanjay _91725 |
||
| 942 |
_2ddc _cEN _h305.5509540903 _mMID |
||
| 999 |
_c37890 _d37890 |
||